Statistiques concernant Toutes les communes d'Ariège sur une carte

Cliquez ici pour prendre le quiz!

Statistiques générales

  • Ce quiz a été pris 112 fois
  • Le résultat moyen est 62 sur 326

Réponses sur la Carte

Les réponses sont colorées sur une échelle allant du rouge au vert en fonction du pourcentage des utilisateurs qui les ont devinées à leur premier essai. Vous pouvez retrouver ces pourcentages ci-dessous.
 

Statistiques - réponses

PopulationNom% Correct
9 515Foix
99%
15 938Pamiers
93%
6 415Saint-Girons
77%
378Saint-Jean-d'Aigues-Vives
76%
1 285Saint-Jean-de-Verges
76%
23Saint-Jean-du-Castillonnais
76%
2 855Saint-Jean-du-Falga
76%
1 285Ax-les-Thermes
64%
668Saint-Pierre-de-Rivière
56%
6 052Lavelanet
53%
1 337Saint-Paul-de-Jarrat
51%
3 013Tarascon-sur-Ariège
51%
3 114Mirepoix
46%
4 815Saverdun
46%
1 181Le Mas-d'Azil
43%
554Val-de-Sos
43%
1 367Saint-Lizier
41%
513Luzenac
39%
501Auzat
37%
381La Bastide-de-Besplas
37%
339La Bastide-de-Bousignac
37%
289La Bastide-de-Lordat
37%
992La Bastide-de-Sérou
37%
205La Bastide-du-Salat
37%
672La Bastide-sur-l'Hers
37%
3 232La Tour-du-Crieu
37%
103L'Hospitalet-près-l'Andorre
37%
3 495Varilhes
37%
2 360Lézat-sur-Lèze
36%
365Saint-Martin-de-Caralp
34%
230Saint-Martin-d'Oydes
34%
332Les Cabannes
33%
734Massat
33%
3 872Mazères
33%
117Montségur
33%
704Seix
33%
41Villeneuve
33%
957Villeneuve-d'Olmes
33%
154Villeneuve-du-Latou
33%
778Villeneuve-du-Paréage
33%
1 072Bélesta
31%
453Castelnau-Durban
31%
2 391Laroque-d'Olmes
31%
159Aulus-les-Bains
30%
165Le Port
30%
412Castillon-en-Couserans
29%
727Le Vernet
29%
1 476Montgailhard
29%
2 295Verniolle
29%
631Sainte-Croix-Volvestre
27%
72Saint-Julien-de-Gras-Capou
27%
203Aston
26%
97Montbel
26%
165Orlu
26%
85Saint-Michel
26%
168Mérens-les-Vals
24%
119Nalzen
24%
1 270Rieux-de-Pelleport
24%
797Carla-Bayle
23%
172Carla-de-Roquefort
23%
379Cos
23%
1 203Mercus-Garrabet
23%
553Montferrier
23%
248Ornolac-Ussat-les-Bains
23%
562Oust
23%
146Roquefixade
23%
659Saurat
23%
310Ussat
23%
268Ustou
23%
267Alzen
21%
119Ascou
21%
61Cazenave-Serres-et-Allens
21%
1 041Le Fossat
21%
489Lescure
21%
253Montesquieu-Avantès
21%
154Niaux
21%
861Prat-Bonrepaux
21%
213Verdun
21%
28Appy
20%
702Arignac
20%
92Bethmale
20%
625Dun
20%
1 461Lorp-Sentaraille
20%
78Montégut-en-Couserans
20%
335Montégut-Plantaurel
20%
1 010Montjoie-en-Couserans
20%
768Moulis
20%
368Rabat-les-Trois-Seigneurs
20%
532Rimont
20%
466Saint-Félix-de-Rieutord
20%
153Saint-Félix-de-Tournegat
20%
125Saint-Lary
20%
58Sentenac-de-Sérou
20%
105Sentenac-d'Oust
20%
176Soula
20%
90Vals
20%
560Artigat
19%
622Brassac
19%
149Camon
19%
190Capoulet-et-Junac
19%
895Crampagna
19%
741Daumazan-sur-Arize
19%
730Ganac
19%
840Les Pujols
19%
70Lordat
19%
283Loubens
19%
695Montaut
19%
138Quérigut
19%
720Rieucros
19%
90Roquefort-les-Cascades
19%
678Serres-sur-Arget
19%
96Siguer
19%
698Vernajoul
19%
177Bénac
17%
761Bonnac
17%
212Bordes-Uchentein
17%
174Durban-sur-Arize
17%
370Escosse
17%
749Ferrières-sur-Ariège
17%
62Le Pla
17%
618Léran
17%
499Les Bordes-sur-Arize
17%
194L'Herm
17%
27Orus
17%
486Pailhès
17%
31Prades
17%
398Savignac-les-Ormeaux
17%
158Sentein
17%
319Surba
17%
121Vèbre
17%
634Aigues-Vives
16%
120Alos
16%
217Arnave
16%
112Arrien-en-Bethmale
16%
222Arvigna
16%
151Audressein
16%
150Aulos-Sinsat
16%
167Baulou
16%
197Bédeilhac-et-Aynat
16%
454Bézac
16%
334Caumont
16%
287Coussa
16%
775Dalou
16%
147Garanou
16%
72Gourbit
16%
20Lapège
16%
48Larcat
16%
20Larnat
16%
60Mijanès
16%
154Montels
16%
411Montoulieu
16%
368Prayols
16%
430Soueix-Rogalle
16%
372Soulan
16%
120Albiès
14%
128Aleu
14%
315Biert
14%
193Bompas
14%
220Cadarcet
14%
202Canté
14%
151Celles
14%
41Château-Verdun
14%
429Fougax-et-Barrineuf
14%
82Freychenet
14%
125Gabre
14%
37Illier-et-Laramade
14%
254Lasserre
14%
115Le Bosc
14%
15Lercoul
14%
233Lesparrou
14%
105Leychert
14%
43Malegoude
14%
112Miglos
14%
185Orgibet
14%
226Perles-et-Castelet
14%
295Quié
14%
160Rivèrenert
14%
249Saint-Amadou
14%
238Sainte-Suzanne
14%
338Saint-Quentin-la-Tour
14%
221Saint-Victor-Rouzaud
14%
188Ségura
14%
17Suzan
14%
156Vira
14%
192Argein
13%
43Axiat
13%
166Besset
13%
354Betchat
13%
122Bonac-Irazein
13%
223Boussenac
13%
44Burret
13%
200Camarade
13%
283Campagne-sur-Arize
13%
56Cazals-des-Baylès
13%
200Cazavet
13%
116Clermont
13%
95Couflens
13%
174Coutens
13%
307Engomer
13%
569Ercé
13%
540Eycheil
13%
348Fabas
13%
316Gajan
13%
33Gestiès
13%
121Lacave
13%
192Lacourt
13%
200Lagarde
13%
119Lapenne
13%
247Les Issards
13%
358Loubières
13%
102Mauvezin-de-Prat
13%
49Mauvezin-de-Sainte-Croix
13%
351Mercenac
13%
240Moulin-Neuf
13%
92Orgeix
13%
37Pech
13%
194Péreille
13%
391Sabarat
13%
154Taurignan-Castet
13%
207Taurignan-Vieux
13%
156Teilhet
13%
44Thouars-sur-Arize
13%
262Tourtrol
13%
114Unzent
13%
235Ventenac
13%
57Aigues-Juntes
11%
73Allières
11%
74Antras
11%
81Arabaux
11%
35Artigues
11%
118Artix
11%
53Aucazein
11%
79Augirein
11%
198Balaguères
11%
42Barjac
11%
66Bédeille
11%
529Benagues
11%
151Bénaix
11%
211Brie
11%
25Buzan
11%
37Calzan
11%
73Carcanières
11%
97Castex
11%
45Caussou
11%
15Caychax
11%
154Cescau
11%
67Contrazy
11%
359Dreuilhe
11%
93Encourtiech
11%
132Erp
11%
106Esplas
11%
179Esplas-de-Sérou
11%
114Fornex
11%
114Galey
11%
245Gaudiès
11%
201Gudas
11%
122Ignaux
11%
73Illartein
11%
177Labatut
11%
381L'Aiguillon
11%
55Lanoux
11%
61Larbont
11%
91Lassur
11%
275Le Carlaret
11%
476Le Peyrat
11%
81Lescousse
11%
183Lieurac
11%
121Limbrassac
11%
250Lissac
11%
246Madière
11%
79Malléon
11%
119Manses
11%
101Méras
11%
112Mérigon
11%
79Montagagne
11%
17Montaillou
11%
216Montardit
11%
85Montfa
11%
120Montgauch
11%
107Montseron
11%
63Nescus
11%
90Rouze
11%
370Saint-Quirc
11%
690Saint-Ybars
11%
123Sautel
11%
101Sieuras
11%
27Sor
11%
83Sorgeat
11%
352Tabre
11%
21Tignac
11%
158Tourtouse
11%
126Unac
11%
28Urs
11%
32Vaychis
11%
29Vernaux
11%
56Alliat
10%
90Arrout
10%
36Bagert
10%
38Balacet
10%
82Belloc
10%
19Bestiac
10%
40Bouan
10%
21Castéras
10%
38Cazaux
10%
138Cérizols
10%
184Durfort
10%
126Esclagne
10%
23Génat
10%
125Ilhat
10%
58Justiniac
10%
30Le Puch
10%
24Loubaut
10%
93Ludiès
10%
29Monesple
10%
45Pradettes
10%
121Pradières
10%
54Raissac
10%
85Régat
10%
165Roumengoux
10%
59Saint-Bauzeil
10%
30Sainte-Foi
10%
48Salsein
10%
11Senconac
10%
121Trémoulet
10%
109Troye-d'Ariège
10%
153Viviès
10%

Distribution des résultats

Percentile par nombre de réponses

% des personnes avec chaque résultat

Votre développement - résultats

Vous n’avez pas pris ce quiz